| 000 | 00395nam a2200157Ia 4500 | ||
|---|---|---|---|
| 008 | 160316s1994 xxu||||| |||| 00| 0 eng d | ||
| 082 |
_a344.046000 _bHIR |
||
| 100 | _aHiremath S R | ||
| 245 | _aAll about draft forest bill and forest lands | ||
| 250 | _a2nd | ||
| 260 |
_aDharwad _bSamaja Parivarthan Samudaya _c1994 |
||
| 300 |
_a305p _b _c |
||
| 365 | _bRs.125/- | ||
| 650 | _a | ||
| 700 |
_a _a |
||
| 999 |
_c7909 _d7909 |
||